000 00856nam a22002417a 4500
999 _c63767
_d63767
005 20240530110657.0
008 171224s2016 ua a f b 000 0 ara d
017 _a2015/10414
_bمصر. دار الكتب
020 _a9789770529898
040 _aEG-CaGPL
_cEG-CaGPL
082 0 4 _221
_a362.42\
_bهـ إ
100 0 _aهلا السعيد
245 1 2 _aالاعاقة السمعية :
_bدليل علمى وعملى للاباء والمتخصصين /
_cهلا السعيد .
250 _aط.1
260 _aالقاهرة :
_bمكتبة الانجلو المصرية ،
_c2016 .
300 _a714 ص. ؛
_c24 سم.
504 _aببليوجرافية : ص 701 - 714
650 0 7 _2qrmak
_aعلم النفس المرضى
650 0 7 _2qrmak
_aالصم
651 _2qrmak
942 _2ddc
_cBK